000 00623nam a2200217Ia 4500
005 20241129105749.0
008 241129s9999||||xx |||||||||||||| ||und||
020 _a978-1-84701-231-9
037 _aTB
040 _aARTS
_beng
_cARTS
041 _aeng
_2eng
084 _aQ7.6 R1
_qARTS
100 _aOumar Kane Ousmane Ed.
_9724638
245 0 _aIslamic scholarship in Africa: new directions and global contexts
_cOumar Kane Ousmane Ed.
260 _aUSA
_bWoodbridge James Currey
_c2021
300 _axx,489p.
365 _aUKP
_b75
650 _aIslam
942 _cTB
_hQ7.6 R1
999 _c1225827
_d1225827